KOHA-Header-6

Linear Algebra With Application (Record no. 11959)

000 -LEADER
fixed length control field 00300nam a2200121Ia 4500
020 ## - INTERNATIONAL STANDARD BOOK NUMBER
ISBN 978-0321982384
100 ## - MAIN ENTRY--AUTHOR NAME
Personal name David C.Lay
245 #0 - TITLE STATEMENT
Title Linear Algebra With Application
260 ## - PUBLICATION, DISTRIBUTION, ETC. (IMPRINT)
Place of publication New Delhi
Name of publisher Pearson
Year of publication 2018
300 ## - PHYSICAL DESCRIPTION
Number of Pages 5067
942 ## - ADDED ENTRY ELEMENTS (KOHA)
Koha item type Books
Holdings
Withdrawn status Lost status Collection code Permanent Location Current Location Shelving location Date acquired Full call number Accession Number Koha item type
    Mathematics MAJU MAJU Shelf No.B31 2019-09-20 512.5 9317 Mathematics

Powered by Koha